| 000 | 00895nam a22002537a 4500 | ||
|---|---|---|---|
| 005 | 20170123162324.0 | ||
| 010 | _aA-518829 | ||
| 020 | _c50.00 | ||
| 035 | _aA-518829 | ||
| 037 | _bCen Lib/Ret | ||
| 040 |
_aDPL _bUR |
||
| 082 |
_a847 _bم ش ت |
||
| 100 |
_aمشتاق احمد یوسفی _9108471 |
||
| 245 |
_aچراغ تلے : _cمشتاق احمد یوسفی _bکھٹ مٹهے مضامین / |
||
| 246 |
_aChiragh tale : khatte mitthe majameen / _bby Mushtaq Ahmad Yusufi |
||
| 260 |
_aدہلی _bکتاب والا _c1992 |
||
| 270 |
_bدہلی _a٢٧٩٤، گلی جھوٹ والی ، پہاڑی بھوجلہ _e110006 |
||
| 300 |
_a82p. _c21cm(Hb) |
||
| 650 |
_a ادب - اردو _9118746 |
||
| 650 |
_a ادب - مضامین _9118747 |
||
| 650 |
_aLiterature -- Essays _9118748 |
||
| 650 |
_aUrdu poems _9118749 |
||
| 942 |
_2ddc _cUR _h847 _mم ش ت |
||
| 999 |
_c107328 _d107328 |
||